000 00277nam a2200121Ia 4500
001 1479
005 20250206054156.0
008 250205t1997||||xx |||||||||||||| ||spa||
100 _aBRIAN MOSES
245 0 _aESTOY ABURRIDO
250 _a1
260 _a
_bALBATROS TUS MARAVILLAS
_c1997
999 _c3719
_d3719